000 00536cam a22001933a 4500
001 44263
003 PGUSA
005 20140828084018.0
008 131123s2013||||xxu|||||s|||||000 | eng d
040 _aPGUSA
_beng
042 _adc
245 1 0 _a500 of the Best Cockney War Stories
_h[electronic resource] /
_cVarious
260 _bProject Gutenberg,
_c2013
506 _aPublic domain in the USA.
516 _aElectronic text
830 0 _aProject Gutenberg
_v44263
856 4 0 _uhttp://www.gutenberg.org/ebooks/44263
942 _cEB
999 _c273514
_d273514